Top 15 landen met Covid-19 sterfgevallen - 19 juni - Statistieken

Algemene statistieken
  • Deze quiz is 5 keer genomen
  • De gemiddelde score is 14 van 20
Antwoordstatistieken
land % Correct
België
100%
Duitsland
100%
Nederland
100%
Rusland
100%
Spanje
100%
Verenigde Staten
100%
Brazilië
80%
Canada
80%
Frankrijk
80%
India
80%
Italië
80%
Mexico
80%
Verenigd Koninkrijk
80%
Ierland
60%
Zweden
60%
Zwitserland
60%
Chili
40%
Peru
20%
Ecuador
0%
Iran
0%
Geen overeenkomende quizzen gevonden
Scoreverdeling
Procent van Mensen met Elke Score
Percentiel versus Aantal Correcte Antwoorden
Uw Scoregeschiedenis
U heeft deze quiz nog niet genomen